[Event "DSOL 08 Liga Gr-B 1st"]
[Site "Playchess.com INT"]
[Date "2020.08.07"]
[Round "7.3"]
[White "Pennartz, Miro"]
[Black "Brinkmann, David"]
[Result "0-1"]
[WhiteElo "854"]
[BlackElo "1249"]
[PlyCount "64"]
[EventDate "2020.06.22"]
[EventType "team-tourn (rapid)"]
[EventCountry "GER"]
[SourceTitle "EXT 2021"]
[Source "ChessBase"]
[SourceDate "2020.10.23"]
[SourceVersion "1"]
[SourceVersionDate "2020.10.23"]
[SourceQuality "1"]
[WhiteTeam "Niederkassel III"]
[BlackTeam "Hollage Rochade"]
[WhiteTeamCountry "GER"]
[BlackTeamCountry "GER"]

1. e4 e5 2. Nf3 Nc6 3. Nc3 Nf6 4. Bb5 d6 5. Bxc6+ bxc6 6. 0-0 Bg4 7. Qe2 Be7 8. Qc4 Qd7 9. Ng5 0-0 10. Nxf7 Rxf7 11. Qb4 d5 12. Qb7 Rff8 13. f3 Be6 14. d3 Nh5 15. g4 Bxg4 16. exd5 Bxf3 17. dxc6 Qg4+ 18. Kf2 Bc5+ 19. Ke1 Qh4+ 20. Kd2 Qxh2+ 21. Ke1 Qg3+ 22. Kd2 Bg4 23. Qb3+ Kh8 24. Ne4 Qe3+ 25. Kc3 Bd4+ 26. Kc4 Be6+ 27. Kb4 Rab8+ 28. Ka3 Bc5+ 29. Ka4 Qd4+ 30. Ka5 Bxb3 31. axb3 Qb4+ 32. Ka6 Qb6# 0-1